Jump between capital cities! - Statistics

General Stats
  • This quiz has been taken 1,500 times
  • The average score is 65 of 189
Answer Stats
DIST CAPITAL CITY % Correct
2,887 Reykjavik
98%
1,498 Dublin
88%
463 London
88%
321 Brussels
85%
174 Amsterdam
84%
319 Luxembourg
82%
436 Bern
81%
288 Paris
81%
159 Vaduz
78%
401 Ljubljana
65%
117 Zagreb
65%
262 Riga
64%
268 Vienna
64%
173 Vilnius
64%
55 Bratislava
63%
162 Budapest
63%
484 Copenhagen
63%
82 Helsinki
63%
403 Kiev
63%
418 Oslo
63%
397 Stockholm
63%
355 Berlin
62%
280 Tallinn
62%
319 Belgrade
61%
296 Bucharest
61%
280 Prague
61%
177 Sofia
61%
357 Chisinau
60%
199 Sarajevo
60%
153 Skopje
60%
173 Podgorica
59%
78 Pristina
59%
132 Tirana
59%
5 Roma
55%
226 Vatican City
55%
519 Warsaw
55%
241 Beirut
54%
85 Damascus
54%
1,120 San Marino
53%
175 Amman
52%
72 Jerusalem
52%
464 Monaco
52%
424 Cairo
51%
503 Lisbon
51%
494 Madrid
51%
561 Rabat
51%
947 Algiers
50%
499 Andorra la Vella
50%
636 Tunis
50%
820 Ankara
49%
357 Tripoli
48%
1,110 Athens
47%
403 Valletta
46%
556 Kuwait City
42%
301 Abu Dhabi
41%
1,298 Baghdad
41%
140 Doha
41%
440 Muscat
41%
1,212 Riyadh
41%
559 Addis Ababa
40%
432 Djibouti
40%
687 Khartoum
40%
434 Manama
40%
1,066 Sanaa
40%
699 Asmara
39%
1,188 Juba
39%
921 Antananarivo
38%
514 Kampala
37%
554 Nairobi
37%
176 Bujumbura
36%
772 Dodoma
36%
376 Kigali
36%
1,555 Moroni
36%
1,054 Port Louis
36%
802 Kathmandu
34%
1,018 Mogadishu
34%
8 Brazzaville
32%
361 Freetown
32%
518 Harare
32%
549 Kinshasa
32%
613 Monrovia
32%
332 Bissau
31%
127 Conakry
31%
166 Dakar
31%
368 Islamabad
31%
1,573 Luanda
31%
399 Lusaka
31%
260 Pretoria
31%
1,282 Windhoek
31%
206 Banjul
30%
423 Dhaka
30%
1,054 Gaborone
30%
2,613 Lilongwe
30%
150 Maputo
30%
302 Mbabane
30%
427 Thimphu
30%
726 Abuja
29%
169 Accra
29%
984 Bangkok
29%
1,859 Kabul
29%
828 Libreville
29%
625 Maseru
29%
407 Nouakchott
29%
304 Yaounde
29%
480 Hanoi
28%
894 Jakarta
28%
997 Kuala Lumpur
28%
159 Lome
28%
609 Porto-Novo
28%
304 Sao Tome
28%
316 Singapore
28%
1,696 Bamako
27%
441 Malabo
27%
415 Niamey
27%
704 Ouagadougou
27%
537 Phnom Penh
27%
710 Vientiane
27%
1,257 Manila
26%
1,413 N'Djamena
26%
877 Praia
26%
940 Bangui
25%
811 Beijing
25%
737 Nay Pyi Taw
25%
195 Pyongyang
25%
1,481 Seoul
25%
1,158 Taipei
25%
954 Astana
24%
305 Tashkent
24%
537 Tehran
24%
1,170 Ulaanbaatar
24%
669 Ashgabat
23%
450 Baku
23%
1,527 Bandar Seri Begawan
23%
479 Bishkek
23%
912 Dushanbe
23%
170 Tbilisi
23%
3,015 Tokyo
23%
4,746 Yerevan
23%
2,040 Dili
19%
2,377 Port Moresby
19%
1,067 Suva
18%
887 Apia
17%
2,331 Canberra
17%
1,402 Honiara
17%
3,164 Melekeok
17%
745 Nuku'alofa
17%
1,461 Palikir
17%
705 Tarawa
17%
2,683 Wellington
17%
661 Majuro
16%
2,175 Port-Vila
16%
2,892 Funafuti
15%
555 Havana
14%
1,535 Nassau
14%
248 Santo Domingo
14%
732 Washington
14%
814 Kingston
13%
7,181 Ottawa
13%
475 Port-au-Prince
13%
135 Saint George's
13%
1,027 Bogota
12%
1,388 Caracas
12%
150 Castries
12%
156 Port-of-Spain
12%
728 Quito
12%
207 Roseau
12%
96 Saint John's
12%
781 Basseterre
11%
344 Belmopan
11%
340 Bridgetown
11%
715 Georgetown
11%
178 Guatemala City
11%
4,241 Lima
11%
340 Managua
11%
1,121 Mexico City
11%
1,026 Panama
11%
347 Paramaribo
11%
512 San Jose
11%
218 San Salvador
11%
1,341 Santiago
11%
239 Tegucigalpa
11%
1,049 Asuncion
10%
3,008 Brasilia
10%
1,035 Buenos Aires
10%
203 Montevideo
10%
1,479 Sucre
10%
8,611 Colombo
9%
766 Male
9%
6,551 Moscow
6%
No matching quizzes found
Score Distribution
Percent of People with Each Score
Percentile by Number Answered
Your Score History
You have not taken this quiz